000 01057nam a2200289 a 4500
001 26
005 20221127085833.0
008 050920s lxxua | 00100 eng d
020 _a0256106657(hpb) :
_cSR136.00
035 _a35
082 0 4 _a658.4013
_bG428 1995
100 1 _aGitlow, Howard S.
245 1 0 _aQuality management :
_btools and methods for improvement /
_cHoward Gitlow, Alan Oppenheim, Rosa Oppenheim.
246 0 _aTools methods for the improvement of quality.
250 _a2nd ed.
260 _aBoston, Mass. :
_bMcGraw-Hill,
_c1995.
300 _axix, 508 p. :
_bill. ;
_c24 cm.
440 0 _aMcGraw-Hill/Irwin series in operations and decision sciences.
500 _aRev. ed. of: Tools methods for the improvement of quality. 1989
504 _aIncludes bibl. references and index.
650 4 _aTotal quality management.
650 4 _aQuality control
_xStandards.
650 4 _aQuality function development.
650 4 _aProduct management.
700 0 _aOppenheim, Alan,
_ejt. author.
700 0 _aOppenheim, Rosa,
_ejt. author.
999 _c26
_d26